| 000 | 00793nam a22002057a 4500 | ||
|---|---|---|---|
| 999 |
_c19369 _d19369 |
||
| 003 | AR-CdUCM | ||
| 008 | 190517b ||||| |||| 00| 0 spa d | ||
| 040 |
_aMUNICIPALIDAD PROVINCIAL DEL CUSCO _cBIBLIOTECA MUNICIPAL DEL CUSCO |
||
| 082 |
_a329.947 / _bL45 |
||
| 100 |
_aLenin, V. _935869 |
||
| 245 |
_a¿Que hacer? : _bProblemas candentes de nuestro movimiento / |
||
| 260 |
_aMoscu : _bLenguas extranjeras, _c1941. |
||
| 300 |
_a191 páginas ; _c22 cm. |
||
| 505 | _aContenido: Extracto del prefacio a la recopilación en doce años -- Dogmatismo y libertad de critica -- La espontaneidad de las masas y la conciencia de la socialdemocracia ... | ||
| 650 |
_aMovimiento _91984 |
||
| 650 |
_aSocialismo _91037 |
||
| 650 |
_aMoscu _95175 |
||
| 942 |
_2ddc _cLIBROS |
||
| 945 |
_arah _d2019-05-17 |
||